00298 a2200097 4500001001000000005001700010008004100027245004400068100002500112773006300137ART_3044420260410162004.0260409a 10aCincuenta años de finanzas públicas1 aMusgrave, Richard A.0 tBoletín Informativo ASAPg- Nº 20 (dic. 1988)wREV30391